000
00310nam a2200121Ia 4500
008
220204s9999 xx 000 0 und d
082
_a
633.18:338.432
_b
LUH
100
_a
LUH, Bor S
245
0
_a
Rice: Production and utilization
260
_a
Connecticut
_b
Avi
_c
1980
650
_a
Rice processing
942
_c
BK
999
_c
36105
_d
36105